LEADER 00920nam0-22003251i-450- 001 990003152060403321 010 $a0-7167-0441-2 035 $a000315206 035 $aFED01000315206 035 $a(Aleph)000315206FED01 035 $a000315206 100 $a20000920d1971----km-y0itay50------ba 101 0 $aita 102 $aIT 200 1 $aPassion$eProgram for Algebraic Sequences Specifically of Input-Output Nature$fC. William Benz$gWith a Foreword by Wassily Leontief. 210 $aSan Francisco$cW. H. Freeman$d1971. 215 $aVIII, 92 p.$d26 cm 610 0 $aInformatica 676 $aA/5 676 $aB/3.2 702 1$aBenz,$bCarl William 702 1$aLeontief,$bWassily W.$f<1906-1999> 801 0$aIT$bUNINA$gRICA$2UNIMARC 901 $aBK 912 $a990003152060403321 952 $aA/5 BEN$b3504/I$fSES 959 $aSES 996 $aPassion$9458304 997 $aUNINA DB $aING01 LEADER 01079cam0-22003251i-450 001 990005877060403321 005 20170328125852.0 010 $a2-13-049285-1 035 $a000587706 035 $aFED01000587706 035 $a(Aleph)000587706FED01 035 $a000587706 100 $a20000301d1998----km-y0itay50------ba 101 0 $afre 102 $aFR 105 $ay-------001yy 200 1 $aPhilosophie épicurienne et littérature au XVII siècle en France$eétudes sur Gassendi, Cyrano de Bergerac, La Fontaine, Saint-Évremond$fJean-Charles Darmon 210 $aParis$cPresses Universitaires de France$d1998 215 $a387 p.$d22 cm 225 1 $aPerspectives littéraires 610 0 $aFilosofia e letteratura$aSec. 17. 676 $a840.9004$v22$zita 700 1$aDarmon,$bJean-Charles$0223665 801 0$aIT$bUNINA$gRICA$2UNIMARC 901 $aBK 912 $a990005877060403321 952 $a840.9004 DAR 1$bBibl.29892$fFLFBC 959 $aFLFBC 996 $aPhilosophie épicurienne et littérature au XVII siècle en France$9564294 997 $aUNINA